[Event "AZE-ch Men 2019"]
[Site "Baku"]
[Date "2019.01.19"]
[Round "4"]
[White "Zeynalov, Farid"]
[Black "Bashirli, Nail"]
[Result "0-1"]
[WhiteElo "2344"]
[BlackElo "2324"]
[Annotator "TA"]
[PlyCount "114"]
[EventDate "2019.01.16"]
[EventType "swiss"]
[EventCountry "AZE"]
[SourceTitle "playchess.com"]
[Source "ChessBase"]
[SourceQuality "1"]

{[%evp 17,114,8,16,-9,0,-31,27,0,3,-4,0,0,-12,-14,2,-24,-14,-22,-14,-30,5,8,18,-37,-20,-42,-49,-64,-18,-27,-33,-61,-61,-173,-12,-5,0,0,0,0,0,0,0,0,0,0,0,-13,29,-25,-1,-52,0,-6,0,0,46,41,49,0,0,-32,-20,-47,0,-121,-120,-133,-111,-122,-138,-120,-105,-93,-87,-118,-120,-188,-171,-195,-202,-156,-197,-177,-177,-181,-177,-147,-151,-170,-118,-514,-474,-458,-434,-348,-145,-29975,-29976]} 1. d4 Nf6 2. Bf4 g6 3. e3 Bg7 4. Nf3 d6 5. Be2 O-O 6. O-O Nbd7 7. h3 b6 8. a4 {A48: 1 d4 Nf6 2 Nf3 g6: Torre, London and Colle Systems} (8. c4 Bb7 9. Nc3 a6 10. Bh2 Qe8 11. d5 e5 12. Nd2 Qe7 13. b4 Kh8 14. a4 a5 15. bxa5 Rxa5 16. Nb3 Raa8 17. a5 {1-0 (39) Karjakin,S (2783)-Nepomniachtchi,I (2751) chess.com INT 2017}) 8... Bb7 9. a5 bxa5 {LiveBook: 4 Games} 10. Nbd2 {The position is equal.} c5 11. c3 Rb8 $146 ({Better is} 11... cxd4 $15 12. cxd4 Nb6) ({Predecessor:} 11... Bc6 12. Nc4 a4 13. Nfd2 cxd4 14. exd4 e5 15. Bh2 exd4 16. Bxd6 {½-½ (31) Gubajdullin,A (2386)-Matinian,N (2478) Samara 2017}) 12. Nc4 Bd5 13. Nfd2 cxd4 14. exd4 Qc7 15. Qc2 Qb7 16. Bf3 Bxf3 17. Nxf3 Rfc8 18. Nfd2 Nb6 19. Nxa5 Qd7 20. Be3 ({White should play} 20. Bh2 $11) 20... Nfd5 $15 21. Rfe1 Nxe3 22. fxe3 Qb5 23. Ra2 e5 24. Nab3 Nc4 25. Qd3 {[#]} (25. Nxc4 $15 Qxc4 26. Ra3) 25... Nxd2 $2 (25... Bh6 $1 $19 {White must now prevent ...a5.} 26. Kh1 a6) 26. Qxb5 $11 Rxb5 27. Nxd2 d5 28. Kf2 a5 29. Ke2 Re8 30. Kd1 Bh6 31. Nf3 e4 32. Ne5 f5 33. g3 (33. Nc6 $142) 33... Bf8 34. Nc6 (34. Nd7 $11 Be7 35. Kc2) 34... Ra8 (34... Bd6 $1 $15) 35. b4 {[%cal Ra2a5]} Bd6 36. Rg1 {[%cal Ra2a5]} Bc7 37. Kc2 Kf7 38. Ne5+ Ke6 39. Rga1 Ra6 40. h4 Rb8 41. bxa5 (41. Ra4 $11 {keeps the balance.}) 41... Rb5 {[%cal Rb5a5]} 42. g4 fxg4 ({Don't play} 42... Raxa5 $6 43. c4 $11) 43. Nxg4 Rbxa5 44. Rxa5 Rxa5 $17 {[%mdl 4096] Endgame KRB-KRN} 45. Rf1 Bd8 46. c4 dxc4 47. Rf4 (47. Kc3 $17 {was worth a try.}) 47... Ra2+ $19 ({Less strong is} 47... Bxh4 48. Rxe4+ Kd6 49. Ne5 $15) 48. Kb1 Rg2 49. Rxe4+ Kd5 50. Re5+ Kd6 51. Nh6 Bxh4 52. Nf7+ Kd7 {Hoping for ...Bf6.} 53. Rc5 Bf6 ({Black should try} 53... Bg3 $19 {Threatens to win with ...h5.} 54. Rxc4 h5) 54. Rxc4 $2 {[%mdl 8192]} (54. d5 $17) 54... Ke6 55. Rc7 {[#]} h5 $1 56. Nh6 {intending Rc6+.} h4 (56... Kd5 $19 {and Black stays clearly on top. aiming for ...Bg5.} 57. Rh7 h4) 57. Rc2 $2 {[%mdl 8192]} (57. Rc6+ $17 Kd5 58. Rxf6) 57... h3 {Precision: White = 36%, Black = 43%.} 0-1

[Event "AZE-ch Men 2019"]
[Site "Baku"]
[Date "2019.01.19"]
[Round "4"]
[White "Guliev, Sarhan"]
[Black "Jafarli, Babak"]
[Result "1/2-1/2"]
[WhiteElo "2342"]
[BlackElo "2128"]
[Annotator "TA"]
[PlyCount "156"]
[EventDate "2019.01.16"]
[EventType "swiss"]
[EventCountry "AZE"]
[SourceTitle "playchess.com"]
[Source "ChessBase"]
[SourceQuality "1"]

{[%evp 30,156,22,0,0,0,0,-10,0,-26,-29,-44,61,54,96,94,102,87,95,77,90,93,91,72,75,75,87,78,68,71,77,65,90,89,97,66,71,42,40,56,36,34,81,81,111,92,91,75,75,75,75,75,75,75,75,75,75,67,67,67,67,67,67,67,67,0,67,67,75,74,75,75,75,74,74,67,61,54,67,49,69,50,75,75,75,75,77,75,83,76,83,83,117,117,240,240,240,240,237,235,233,204,204,0,225,225,211,204,227,227,220,220,219,204,199,181,239,239,388,377,266,8,8,8,8,8,8,8,8]} 1. d4 Nf6 2. c4 c5 3. d5 e6 4. Nc3 exd5 5. cxd5 d6 6. Nf3 g6 7. Nd2 Nbd7 8. e4 Bg7 9. Be2 O-O 10. O-O Re8 11. f4 c4 12. Kh1 Nc5 13. e5 dxe5 14. fxe5 Rxe5 15. Nxc4 Rf5 16. Bf3 {LiveBook: 9 Games. A69: Modern Benoni: Four Pawns Attack with 9...Re8} b6 17. d6 Rb8 $1 18. Ne3 Re5 19. Ned5 (19. Nc4 $5 {[%cal Rc4e5]} Re6 20. Nd5 $15) 19... Nxd5 20. Nxd5 Qxd6 $146 (20... Ba6 $15 21. Bf4 Bxf1 22. Bxe5 Bxe5 23. Ne7+ Kg7) ({Predecessor:} 20... Ba6 21. Bf4 Bxf1 22. Bxe5 Bxe5 23. Ne7+ Kg7 {½-½ (42) Shneider,A (2460)-Moskalenko,V Kharkov (Ukraine) 1984}) 21. Bf4 $36 {[%mdl 2048] White fights for an advantage.} Ba6 22. Nb4 $1 Qxd1 23. Rfxd1 Bb5 24. Rd2 a5 25. Nc6 Bxc6 26. Bxe5 Bxe5 27. Bxc6 Rc8 28. Bd5 Kg7 29. Rf1 Rc7 30. Re2 Bd4 31. g4 h6 32. h4 Rd7 33. Bc4 Bf6 $1 34. Ref2 Ne4 35. Rf3 Rd6 36. Kg2 $1 g5 37. hxg5 Nxg5 38. Rd3 Rxd3 39. Bxd3 Bxb2 $16 {[%mdl 4096] Endgame KRB-KBN} 40. Bc4 Bd4 41. a4 {[%mdl 1024] White has strong compensation.} Bc5 42. Rf5 Kg6 43. Bd3 {Black must now prevent Rxc5+.} Kg7 44. Kg3 Ne6 45. Bc4 Bd6+ 46. Kh4 Be7+ 47. Kg3 Bd6+ $1 48. Kf2 Bc5+ 49. Ke1 Ng5 50. Ke2 Kg6 51. Bd3 Kg7 52. Kd2 Bb4+ 53. Kc1 Nh7 54. Kc2 Bc5 55. Kb3 Ng5 56. Kc4 Ne6 57. Kd5 Be3 58. Ke4 Bc5 59. Bc4 Ng5+ 60. Ke5 Bb4 61. Rf1 Kg6 (61... Bc5 $16 62. Ba2 Ba3) 62. Rf6+ $18 Kg7 63. Rxb6 Bc3+ 64. Kd5 Be1 65. Kc6 Nf3 66. Kd5 Ng5 $1 67. Rb1 Bc3 68. Rb7 Kg6 69. Bd3+ Kf6 70. Rb6+ Kg7 71. Kc4 Bd2 72. Kb5 Nf3 (72... Be1 {keeps fighting.} 73. Kc4 Bd2) 73. Ra6 Nd4+ {[#]} (73... Ne5 $142 74. Bf5 Bb4) 74. Kb6 $1 Ne6 {[#]} 75. Rxa5 $2 (75. Bc4 $1 $18) 75... Bxa5+ $11 {The position is equal.} 76. Kxa5 Nc5 $1 77. Kb5 Nxa4 $1 ({Avoid the trap} 77... Nxd3 $2 78. a5 $18) 78. Kxa4 Kf6 {Precision: White = 65%, Black = 52%.} 1/2-1/2

[Event "AZE-ch Men 2019"]
[Site "Baku"]
[Date "2019.01.19"]
[Round "4"]
[White "Guliev, Logman"]
[Black "Ahadzade, Kanan"]
[Result "1/2-1/2"]
[WhiteElo "2322"]
[BlackElo "2019"]
[Annotator "TA"]
[PlyCount "166"]
[EventDate "2019.01.16"]
[EventType "swiss"]
[EventCountry "AZE"]
[SourceTitle "playchess.com"]
[Source "ChessBase"]
[SourceQuality "1"]

{[%evp 15,166,0,10,7,0,0,13,19,20,33,69,66,53,35,31,18,17,0,5,-21,-26,-35,-35,-35,-31,-47,-20,-49,-53,-57,51,-16,-8,-17,-18,0,0,-58,-5,-87,-57,-130,-125,-136,-134,-129,-100,-130,-103,-143,0,-8,56,-72,68,70,93,91,112,41,147,139,162,153,135,24,627,0,0,0,0,0,0,-128,-127,-211,-216,-215,-202,-198,-160,-141,-111,-110,-152,-134,-110,-139,-85,-80,-31,-31,-31,-39,-30,-30,-30,-30,-30,-30,-30,-31,-30,-30,-30,-30,-30,-30,-30,-30,-30,-30,-30,-30,-30,-30,-30,-30,-30,-30,-30,-30,-30,-30,-30,-30,-30,-30,-30,-30,0,0,0,-31,-31,-31,-31,-31,-31,-31,-31,-31,-30,-31,-31,-31,-31,-31,-31,-31,-31,-31,0]} 1. e4 e5 2. Nf3 Nc6 3. Bb5 a6 4. Ba4 d6 5. Bxc6+ bxc6 6. d4 exd4 7. Qxd4 c5 8. Qd3 g6 {LiveBook: 22 Games} 9. Bg5 {C73: Ruy Lopez: Deferred Steinitz: 5 Bxc6+} (9. Nc3 Bg7 10. Bf4 Ne7 11. Qd2 O-O 12. Bh6 Bg4 13. O-O-O Nc6 14. Nd5 Rb8 15. Bxg7 Kxg7 16. Qc3+ f6 17. h3 Bxf3 18. Qxf3 Nd4 19. Qd3 {½-½ (19) Hellers,F (2565)-Goldin,A (2555) New York 1993}) 9... f6 10. Be3 Be6 11. Nc3 {The position is equal.} Ne7 {[%cal Bg8e7,Be7c6,Bc6b4][%mdl 32]} 12. h4 Nc6 $146 ({Predecessor:} 12... h5 13. Ne2 Bg7 14. Nf4 Bf7 15. Rd1 Rb8 16. b3 a5 {1-0 (25) Baay,J-Foster,P Brisbane 1951}) 13. h5 g5 14. Nd5 Bh6 15. O-O-O O-O 16. Kb1 a5 {[%cal Ba6a5,Ba5a4,Ba4a3][%mdl 32]} 17. Qc3 (17. a3 {looks sharper.} Rf7 18. Bd2 a4 19. Bc3 Ne5 20. Qe2) 17... Nb4 18. Qd2 Nxd5 19. exd5 Bg4 20. Rde1 a4 21. Qd3 a3 {White must now prevent ...axb2.} 22. b3 Qc8 ({Better is} 22... f5 $1 $15 23. Bd2 f4) 23. Nh4 (23. Nd2 $14) 23... Re8 24. f3 $1 {[%cal Rf3g4]} Bd7 $36 {[%mdl 2048] Strongly threatening ...Bg7. White is under pressure.} 25. g4 c4 26. Qd2 (26. Qxc4 $11 Rxe3 27. Rxe3 gxh4 {[%mdl 64] Discovered Attack} 28. Re7) 26... cxb3 (26... Re5 $15 27. Ng2 cxb3 28. axb3 a2+ 29. Ka1 f5 30. Bxg5 Bg7) 27. cxb3 (27. axb3 $11 {remains equal.} a2+ 28. Ka1) 27... Bg7 28. h6 (28. Ng2 $15) 28... Bxh6 $17 29. Ng2 Bg7 30. Qd3 h6 31. Bd4 c5 32. Bc3 c4 (32... Rxe1+ $17 33. Rxe1 Qf8) 33. bxc4 $11 Kf7 (33... f5 $11) 34. Ka1 (34. Ne3 $14 {stays ahead.}) 34... Ra4 (34... Rxe1+ $1 $17 35. Rxe1 f5 36. Bxg7 Kxg7) 35. Rxe8 $14 Qxe8 36. Ne3 $1 Qc8 37. Rb1 (37. Kb1 $16) 37... Qc7 {[#]} (37... Ra8 $14) 38. Bd4 $1 $16 Bc8 39. Qb3 Ra8 40. c5 ({White should try} 40. Qc3 $16) 40... Qxc5 $2 {[%mdl 8192]} ({Avoid the trap} 40... dxc5 $2 41. d6+ Be6 42. dxc7 $18) (40... Qa7 $11) 41. Qb7+ $2 (41. Bxc5 $18 f5+ 42. Rb2 Bxb2+ 43. Kb1 dxc5 44. d6+ Kg7 45. Qd5) 41... Bxb7 $11 42. Rxb7+ Kg6 43. Bxc5 dxc5 {[%mdl 4096] Endgame KRB-KRN} 44. Nf5 (44. Kb1 $11) 44... Bf8 $17 45. d6 (45. Ne3 $17 {might work better.}) 45... Rd8 $19 46. Kb1 {[#]} h5 $1 47. Ne7+ Bxe7 $1 48. dxe7 {KR-KR} Re8 {Threatens to win with ...h4.} 49. gxh5+ Kxh5 50. Kc2 Kg6 51. Ra7 Kf7 (51... Kf5 $142 52. Kb3 Ke6 53. Ra6+ Kxe7) 52. Rxa3 $17 Rxe7 53. Rc3 $1 Rc7 54. Kd3 Ra7 55. Rxc5 Rxa2 56. Ke3 Ra3+ 57. Kf2 Kg6 58. Rb5 Ra4 59. Kg3 Rf4 60. Ra5 Rf5 61. Ra6 Rb5 62. Ra8 Kf5 63. Ra7 Rd5 64. Rb7 Rd6 65. Rb5+ Kg6 66. Ra5 f5 67. Ra8 Rd3 68. Rg8+ Kf6 {...g4 is the strong threat.} 69. Rf8+ Ke6 {And now ...g4 would win.} 70. Kf2 Ke5 71. Ra8 f4 72. Rg8 Rd2+ 73. Ke1 Rd6 74. Ke2 Kf5 75. Ra8 Rb6 76. Kf2 Rb2+ 77. Kf1 Ke5 78. Ra5+ Kd4 79. Rxg5 Ke3 {Black is slightly better.} 80. Ra5 Kxf3 {[%cal Rb2b1]} 81. Ra3+ Kg4 82. Rc3 Rh2 83. Ra3 Rb2 {Accuracy: White = 52%, Black = 52%.} 1/2-1/2

[Event "AZE-ch Men 2019"]
[Site "Baku"]
[Date "2019.01.19"]
[Round "4"]
[White "Babazada, Khazar"]
[Black "Muradli, Mahammad"]
[Result "0-1"]
[WhiteElo "2299"]
[BlackElo "2432"]
[Annotator "TA"]
[PlyCount "66"]
[EventDate "2019.01.16"]
[EventType "swiss"]
[EventCountry "AZE"]
[SourceTitle "playchess.com"]
[Source "ChessBase"]
[SourceQuality "1"]

{[%evp 14,66,52,17,25,16,21,19,13,6,3,31,13,-112,-106,-113,-103,-120,-118,-137,-143,-282,-199,-195,0,0,77,-50,-46,-60,-62,-132,-127,-142,-133,-133,-149,-152,-152,-142,-140,-126,-150,-249,-261,-397,-397,-463,-469,-593,-586,-547,-509,-599,-585]} 1. e4 d6 2. d4 Nf6 3. Nc3 g6 4. Nf3 Bg7 5. Be2 O-O 6. h3 Nc6 7. Be3 {B08: Pirc Defence: Classical System} a6 8. O-O {LiveBook: 12 Games} (8. a4 e5 9. dxe5 dxe5 10. O-O Be6 11. Ng5 Nd4 12. Nxe6 fxe6 13. Bd3 Qe7 14. Ne2 Rad8 15. c3 Nc6 16. Qc2 Nh5 17. g3 Bf6 18. Bc4 {1-0 (45) Caruana,F (2811)-Shabalov,A (2544) chess.com INT 2018}) 8... Re8 9. e5 $146 {White has an edge.} ({Predecessor:} 9. Re1 e5 10. d5 Nd4 11. Nxd4 exd4 12. Bxd4 Nxe4 13. Bxg7 Kxg7 14. Bf1 Nxc3 15. Qd4+ Kg8 16. Rxe8+ Qxe8 17. Qxc3 {½-½ (49) Vogel,D (2076)-Egelhof,H (2030) GER email 2010}) 9... Nd7 10. Ng5 dxe5 11. Bc4 e6 {[%cal Re5d4]} 12. d5 {[%cal Rd5e6]} Nd4 13. Nxf7 (13. Bxd4 $11 Qxg5 14. dxe6 fxe6 15. Be3) 13... Kxf7 $17 14. Bxd4 exd4 15. dxe6+ Rxe6 16. Bxe6+ Kxe6 17. Qf3 (17. Ne4 $17) 17... Ne5 18. Rfe1 {Rad1 would now be nice for White.} c6 $2 {[#]} ({Black should try} 18... dxc3 $19 19. Rad1 Qe7 20. Qxc3 Kf7) 19. Na4 $11 Ke7 (19... Qa5 $1 $11 20. Qb3+ Kd6) 20. Rxe5+ (20. Qf4 $16) 20... Bxe5 $15 21. Re1 Qa5 $1 {[%csl LRa4,LRe1][%cal Ra5e1][%mdl 64] [#] Trapped Piece} 22. b4 ({Better is} 22. Qe2 $1 $15 Kf7 23. Qxe5 Qxe5 24. Rxe5) 22... Qxa4 $17 {[%mdl 64] Double Attack} 23. Qf4 Be6 ({Don't play} 23... Qxb4 $6 24. Qxe5+ Kd8 25. Re4 $11) 24. Qxe5 Qxa2 25. Qg7+ Kd6 {...Re8 is the strong threat.} 26. Qe5+ Kd7 {And now ...Rd8 would win.} 27. Qxd4+ Qd5 28. Qa1 (28. Qg7+ $17 Bf7 29. c4 Qxc4 30. Rd1+ Kc7 31. Rd4) 28... Kc7 $19 29. Rd1 (29. c4 $142 Qd6 30. c5) 29... Qf5 30. g4 Qf4 {Black is clearly winning.} 31. Qg7+ Kb6 32. Qc3 {intending Qc5+.} Re8 33. Rd4 Qe5 {Accuracy: White = 21%, Black = 78%.} 0-1

[Event "AZE-ch Men 2019"]
[Site "Baku"]
[Date "2019.01.19"]
[Round "4"]
[White "Isgandarov, Shahriyar"]
[Black "Guliyev, Gasan"]
[Result "1-0"]
[WhiteElo "2113"]
[BlackElo "1997"]
[Annotator "TA"]
[PlyCount "87"]
[EventDate "2019.01.16"]
[EventType "swiss"]
[EventCountry "AZE"]
[SourceTitle "playchess.com"]
[Source "ChessBase"]
[SourceQuality "1"]

{[%evp 19,87,0,16,-35,-29,-42,-26,-85,-81,-93,-98,-91,-66,-61,-65,-50,-37,-52,-25,-25,-19,-20,-29,-17,-13,-13,-13,-13,-13,-13,-13,-12,-14,-37,-35,-28,-39,-26,-28,-47,-16,-20,-14,-15,-15,-60,0,-67,5,4,4,0,45,43,267,258,264,264,291,291,333,331,326,316,318,320,361,356,371,366]} 1. e4 e6 2. d4 d5 3. Nd2 c5 4. c3 Nf6 5. Bd3 Nc6 6. Ngf3 cxd4 7. cxd4 dxe4 {C05: French Tarrasch: 3...Nf6 4 e5 Nfd7, 5 f4 and 5 Bd3 sidelines} 8. Nxe4 Bb4+ 9. Nc3 O-O 10. O-O b6 {LiveBook: 19 Games} 11. Bb5 $146 (11. a3 $11 Be7 12. Bf4) ({Predecessor:} 11. a3 Bxc3 12. bxc3 Bb7 13. c4 Ne7 14. Bb2 Ng6 15. Re1 Rc8 16. h3 Qd6 {1-0 (34) Salem,A (2656)-Bindrich,F (2590) Doha 2016}) 11... Ne7 12. Bg5 Bb7 13. a3 (13. Bd3 $11 {remains equal.}) 13... Bxc3 $1 $17 14. bxc3 Ne4 15. Qd3 Nxg5 16. Nxg5 {[%csl Gg5][%cal Rd3h7]} Ng6 17. Qg3 Qf6 18. Rfe1 Qf4 (18... Rac8 {looks sharper.} 19. Rac1 Rfd8 20. Bd3 Rd5 21. Ne4 Qd8) 19. Bd3 Qxg3 20. hxg3 Rac8 21. Rec1 Rc7 22. a4 Rfc8 23. Ra3 Ne7 24. Bxh7+ Kf8 {And now ...g6 would win.} 25. Bd3 Nd5 {[%cal Rc7c3]} 26. Ne4 Ke7 27. c4 Nb4 $36 {[%mdl 2048] Black is pushing.} 28. Nd2 Rd8 29. Be2 Rxd4 30. Nb3 $1 {[%cal Rb3d4]} Rd8 31. a5 Nd3 32. Rc3 {[#]} Nc5 (32... b5 $1 $15 {[%mdl 512]} 33. Rxd3 (33. cxb5 Rxc3) 33... Rxd3 34. Bxd3 bxc4) 33. Nxc5 (33. axb6 $11 axb6 34. Nxc5 bxc5 35. f3) 33... Rxc5 (33... bxc5 $15 34. a6 Bc6) 34. axb6 $11 axb6 35. Rcb3 Rd6 36. Ra7 Rc7 $2 {[#]} ({Black should play} 36... Rd7 $1 $14) 37. c5 $1 $18 {[%cal Rc5d6][%mdl 512]} Rdd7 {[#]} (37... bxc5 38. Rbxb7) 38. Rxb7 $1 {[%mdl 576] Remove Defender, Deflection, Decoy} Rxb7 {[%mdl 4096] Endgame KRR-KRB} 39. c6 {[%mdl 64] Double Attack} Rb8 {White must now prevent ...Ra7.} 40. cxd7 Kxd7 41. Bb5+ Kd6 42. Rc3 Ra8 43. Rc6+ Kd5 44. Rxb6 {Accuracy: White = 75%, Black = 49%.} 1-0

[Event "AZE-ch Men 2019"]
[Site "Baku"]
[Date "2019.01.19"]
[Round "4"]
[White "Novruzov, Emin"]
[Black "Allahverdiyeva, Ayan"]
[Result "0-1"]
[WhiteElo "1910"]
[BlackElo "1975"]
[Annotator "NA RC"]
[PlyCount "80"]
[EventDate "2019.01.16"]
[EventType "swiss"]
[EventCountry "AZE"]
[SourceTitle "playchess.com"]
[Source "ChessBase"]
[SourceQuality "1"]
[TimeControl "40/5400+30:1800+30"]

1. e4 e6 2. Nc3 Nf6 3. d4 d5 {[%emt 0:07:34]} 4. exd5 {[%emt 0:00:58]} exd5 {[%emt 0:00:36]} 5. Bd3 {[%emt 0:01:50]} Be7 {[%emt 0:06:45]} 6. Nge2 {[%emt 0:01:30]} Nc6 {[%emt 0:00:44]} 7. a3 {[%emt 0:00:05]} a6 {[%emt 0:05:23]} 8. f3 {[%emt 0:06:50]} Be6 {[%emt 0:03:56]} 9. Be3 {[%emt 0:04:15]} Qd7 {[%emt 0:02:37]} 10. g4 {[%emt 0:00:43]} Ng8 {[%emt 0:08:23]} 11. h4 {[%emt 0:04:54]} Bd6 {[%emt 0:01:52]} 12. Qd2 {[%emt 0:00:53]} Nge7 {[%emt 0:01:32]} 13. Bf4 {[%emt 0:06:40]} h5 {[%emt 0:08:58]} 14. Bxd6 {[%emt 0:04:11]} Qxd6 {[%emt 0:03:29]} 15. Qg5 {[%emt 0:00:33]} hxg4 {[%emt 0:10:43]} 16. fxg4 {[%emt 0:00:22]} O-O-O {[%emt 0:02:30]} 17. O-O-O {[%emt 0:02:31]} f6 {[%emt 0:18:30]} 18. Qxg7 {[%emt 0:03:15]} Bd7 {[%emt 0:01:51]} 19. Rdf1 {[%emt 0:05:37]} Rdf8 {[%emt 0:00:49]} 20. Bf5 {[%emt 0:15:04]} Bxf5 {[%emt 0:00:41]} 21. gxf5 {[%emt 0:00:16]} Rfg8 {[%emt 0:00:11]} 22. Qf7 {[%emt 0:01:46]} Nd8 {[%emt 0:00:16]} 23. Ne4 {[%emt 0:02:17]} Nxf7 {[%emt 0:02:40]} 24. Nxd6+ {[%emt 0:00:12]} Nxd6 {[%emt 0:00:03]} 25. Nf4 {[%emt 0:00:13]} Ndxf5 {[%emt 0:00:19]} 26. Nxd5 {[%emt 0:00:13]} Rh6 {[%emt 0:03:12]} 27. c3 {[%emt 0:04:45]} Nxd5 {[%emt 0:01:14]} 28. Rxf5 {[%emt 0:00:06]} Ne7 {[%emt 0:00:04]} 29. Rf2 {[%emt 0:00:28]} Kd7 {[%emt 0:01:02]} 30. Kc2 {[%emt 0:00:53]} Rg4 {[%emt 0:00:27]} 31. Kd3 {[%emt 0:01:03]} f5 {[%emt 0:00:22]} 32. h5 {[%emt 0:00:07]} Rg5 {[%emt 0:00:18]} 33. Rfh2 {[%emt 0:00:07]} Nd5 {[%emt 0:00:23]} 34. c4 {[%emt 0:01:25]} Nf6 {[%emt 0:00:26]} 35. Rf2 {[%emt 0:01:24]} Rhxh5 {[%emt 0:00:28]} 36. Rhf1 {[%emt 0:00:22]} Rh3+ {[%emt 0:01:04]} 37. Kc2 {[%emt 0:00:22]} Ng4 {[%emt 0:00:24]} 38. Rf3 {[%emt 0:01:31]} Ne3+ {[%emt 0:00:35]} 39. Kc1 {[%emt 0:00:23]} Rxf3 {[%emt 0:00:09]} 40. Rxf3 {[%emt 0:00:00]} Nxc4 {[%emt 0:00:00]} 0-1

[Event "AZE-ch Men 2019"]
[Site "Baku"]
[Date "2019.01.20"]
[Round "5"]
[White "Asadli, Vugar"]
[Black "Zeynalov, Farid"]
[Result "0-1"]
[WhiteElo "2471"]
[BlackElo "2344"]
[Annotator "TA"]
[PlyCount "86"]
[EventDate "2019.01.16"]
[EventType "swiss"]
[EventCountry "AZE"]
[SourceTitle "playchess.com"]
[Source "ChessBase"]
[SourceQuality "1"]

{[%evp 17,86,37,58,30,61,27,50,60,102,95,85,79,86,80,99,96,82,87,96,7,15,20,5,9,71,17,55,-64,-62,-59,-58,-55,-55,-45,-58,-55,-56,-65,-37,-77,-34,-39,-44,-45,-39,-530,-550,-535,-521,-513,-302,-494,-502,-882,-611,-1137,-832,-1825,-102,-77,-77,-77,-78,-84,-84,-217,-224,-29991,-29992,-29992,-29993]} 1. e4 c5 2. Nf3 d6 3. d4 cxd4 4. Nxd4 Nf6 5. Nc3 a6 6. h3 e6 7. g4 Nc6 {B81: Sicilian Scheveningen: Keres Attack} (7... h6 8. Bg2 g5 9. Be3 Nbd7 10. Qe2 Ne5 11. O-O-O Nfd7 12. h4 Rg8 13. hxg5 hxg5 14. Kb1 b5 15. f4 gxf4 16. Bxf4 Bb7 {½-½ (56) Karjakin,S (2773)-Mamedyarov,S (2801) Saint Louis 2018}) 8. g5 Nd7 9. Be3 Qc7 {LiveBook: 3 Games. White is slightly better.} 10. Qd2 b5 11. a3 $146 ({Predecessor:} 11. O-O-O Bb7 12. f3 Nce5 13. Qf2 Rc8 14. Kb1 Nc4 15. Bxc4 Qxc4 16. Nb3 b4 17. Na4 {½-½ (17) Atnilov,M (2073)-Novikov,B (1000) Prague 2017}) 11... Nde5 {aiming for ...Nxd4.} 12. O-O-O b4 13. axb4 Nxb4 14. Kb1 Rb8 15. b3 Bb7 16. f4 Nd7 17. f5 $1 {[%cal Rf5e6]} Nc5 18. fxe6 (18. Bg2 $16) 18... fxe6 $11 19. Bg2 Qa5 20. Kb2 {Threatening Rhf1.} Bc8 (20... g6 $1 $11) 21. Ra1 (21. Rhf1 $1 $16) 21... Qc7 22. Na2 (22. Ncb5 $14 axb5 23. Qxb4) 22... Na4+ $1 $15 23. Kb1 Nxa2 $1 24. Kxa2 e5 $1 {[%cal Re5d4]} 25. Ne2 Be6 26. Nc1 Be7 27. Kb1 Nc5 28. Qa5 Rb6 29. Rf1 Qb7 {[%cal Re6b3] And now ...Bxb3! would win.} 30. Qc3 Rc6 31. Qd2 $2 {[%mdl 8192] [#]} (31. Bxc5 $15 Rxc5 32. Qg3) 31... Nxb3 $1 $19 {[%mdl 512]} 32. cxb3 (32. Nxb3 Bxb3) 32... Bxb3 {Hoping for ...Rc4.} 33. Qb2 Bc2+ 34. Ka2 Qc7 35. Bd2 (35. Rf2 $142 Rf8 36. Rxf8+ Bxf8 37. h4) 35... Kd7 36. Rf3 Rb8 37. Nb3 Bxb3+ $2 (37... Rc4 $19 {has better winning chances.} 38. Na5 Rxb2+ 39. Kxb2 Qb6+ 40. Rb3 Bxb3 41. Nxb3 Qf2) 38. Rxb3 $17 Rxb3 39. Qxb3 {Rb1 is the strong threat.} Rc2+ 40. Kb1 Rxd2 $40 {[%mdl 128] Black wants a kill.} 41. h4 {[#]} (41. Rxa6 $17 Bxg5 42. Qf7+ Be7 43. Qf5+ Ke8 44. Ra8+ Bd8 45. Qe6+ Kf8 46. Qf5+ Kg8 47. Qe6+ Kf8 48. Qf5+ Ke7 49. Qg5+ Kf7 50. Qxd2 Qb7+ 51. Qb2 Qxa8 52. Qa2+ Qxa2+ 53. Kxa2) 41... Qc5 $1 $19 {[%cal Rc5g1] ( -> ...Qg1+)} ({Stronger than} 41... Rxg2 42. Qh3+ Kd8 43. Qxg2 $11) 42. Qb7+ $2 (42. Bf1 $19 Qd4 43. Qa4+ Kd8 44. Qxd4 Rxd4 45. Kc2 Rxe4 46. h5) 42... Ke8 {[%csl Gd2][%cal Rc5c2]} 43. Qb8+ Bd8 {Precision: White = 33%, Black = 58%.} 0-1